महावीर मिशन (Record no. 212004)
[ view plain ]
| 000 -LEADER | |
|---|---|
| fixed length control field | 00785nam a22001577a 4500 |
| 003 - CONTROL NUMBER IDENTIFIER | |
| control field | dpl |
| 005 - DATE AND TIME OF LATEST TRANSACTION | |
| control field | 20250630124714.0 |
| 008 - FIXED-LENGTH DATA ELEMENTS--GENERAL INFORMATION | |
| fixed length control field | 250630b |||||||| |||| 00| 0 eng d |
| 100 ## - MAIN ENTRY--PERSONAL NAME | |
| Personal name | सुरेश कुमार जैन द्वारा सम्पादित |
| 9 (RLIN) | 82451 |
| 245 ## - TITLE STATEMENT | |
| Title | महावीर मिशन |
| Statement of responsibility, etc | सुरेश कुमार जैन |
| 260 ## - PUBLICATION, DISTRIBUTION, ETC. (IMPRINT) | |
| Place of publication, distribution, etc | दिल्ली |
| Name of publisher, distributor, etc | श्री वर्धमान स्थानकवासी जैन महासंघ |
| Date of publication, distribution, etc | जून 2025 |
| 300 ## - PHYSICAL DESCRIPTION | |
| Dimensions | 24 सेमी |
| Extent | वर्ष- 52, अंक- 06 |
| 310 ## - CURRENT PUBLICATION FREQUENCY | |
| Current publication frequency | मासिक |
| Date of current publication frequency | जून 2025 |
| 270 ## - ADDRESS | |
| Address | आर 1 ब्लॉक ए उत्तरी प्रीतमपुरा |
| City | दिल्ली |
| 942 ## - ADDED ENTRY ELEMENTS (KOHA) | |
| Source of classification or shelving scheme | Dewey Decimal Classification |
| Item type | Periodicals |
| Call number suffix | महावी |
| Withdrawn status | Lost status | Source of classification or shelving scheme | Materials specified (bound volume or other part) | Damaged status | Not for loan | Home library | Current library | Date acquired | Source of acquisition | Cost, normal purchase price | Total Checkouts | Full call number | Date last seen | Cost, replacement price | Price effective from | Koha item type |
|---|---|---|---|---|---|---|---|---|---|---|---|---|---|---|---|---|
| Dewey Decimal Classification | वर्ष-52 | Not For Loan | D.B.Act.Division | D.B.Act.Division | 30/06/2025 | DBAD | 20.00 | महावी | 30/06/2025 | 20.00 | 30/06/2025 | Periodicals |
